[Event "45th IT Bosna 2015"]
[Site "Sarajevo"]
[Date "2015.06.01"]
[Round "4.37"]
[White "Mestrovic, Zvonimir"]
[Black "Dedic, Nedzad"]
[Result "1/2-1/2"]
[WhiteElo "2278"]
[BlackElo "1927"]
[PlyCount "98"]
[EventDate "2015.05.30"]

1. e4 e6 2. e5 d6 3. exd6 Bxd6 4. d4 c5 5. dxc5 Bxc5 6. Qxd8+ Kxd8 7. Nc3 Bd7
8. Ne4 Be7 9. Nf3 Bc6 10. Neg5 Ke8 11. Ne5 Bxg5 12. Bxg5 Ne7 13. Nc4 Nc8 14.
O-O-O f6 15. Be3 Nd7 16. Na5 Ne7 17. Nxc6 Nxc6 18. Bb5 Ke7 19. Bxc6 bxc6 20.
Rd3 Rhc8 21. f4 Rc7 22. Bf2 Nb6 23. Re1 c5 24. g4 Kf7 25. Rd6 Re8 26. b3 Nc8
27. Ra6 Ree7 28. c4 Nb6 29. a4 h6 30. a5 Nd7 31. Rd6 g5 32. Bg3 Rb7 33. Kc2 Nf8
34. Rc6 gxf4 35. Bxf4 e5 36. Bxh6 Ne6 37. Be3 Rbc7 38. Rxc7 Rxc7 39. Rd1 Nd4+
40. Bxd4 cxd4 41. Kd3 Rb7 42. Rb1 Ke6 43. h4 Rg7 44. Rg1 Rb7 45. Kc2 e4 46. g5
fxg5 47. Rxg5 Kf6 48. c5 Rh7 49. Rd5 Ke6 1/2-1/2

[Event "45th IT Bosna 2015"]
[Site "Sarajevo"]
[Date "2015.06.01"]
[Round "4.38"]
[White "Markovic, Dino"]
[Black "Bryn, Askild"]
[Result "1/2-1/2"]
[WhiteElo "1905"]
[BlackElo "2071"]
[PlyCount "33"]
[EventDate "2015.05.30"]

1. d4 d6 2. Nf3 Nd7 3. c4 g6 4. e4 Bg7 5. Nc3 e5 6. Be3 Ngf6 7. Be2 O-O 8. O-O
h6 9. dxe5 dxe5 10. h3 c6 11. Qc2 Qc7 12. Rfd1 Re8 13. Rd2 Nh5 14. Rad1 Nf4 15.
Bf1 Ne6 16. b4 b6 17. a3 1/2-1/2

[Event "45th IT Bosna 2015"]
[Site "Sarajevo"]
[Date "2015.06.01"]
[Round "4.39"]
[White "Maksimovic, Bojan"]
[Black "Osmanovic, Faruk"]
[Result "0-1"]
[WhiteElo "1891"]
[BlackElo "2042"]
[PlyCount "74"]
[EventDate "2015.05.30"]

1. c4 c6 2. Nc3 d5 3. d4 e6 4. Bf4 Bd6 5. Bxd6 Qxd6 6. Nf3 Nd7 7. e3 Ngf6 8.
Bd3 dxc4 9. Bxc4 b5 10. Bd3 Bb7 11. O-O O-O 12. Rc1 Rad8 13. Qe2 a6 14. Rfd1
Qb8 15. Ne4 Rc8 16. Nxf6+ Nxf6 17. e4 Qf4 18. Ne5 Rfd8 19. Bb1 Rxd4 20. Rxd4
Qxc1+ 21. Rd1 Qf4 22. Nxf7 Kxf7 23. e5 Nd5 24. Qh5+ Ke7 25. Qxh7 Qxe5 26. h3
Rf8 27. Be4 Nf6 28. Qxg7+ Rf7 29. Qg6 Nxe4 30. Rd7+ Kxd7 31. Qxf7+ Kc8 32. f3
Nd6 33. Qf8+ Kc7 34. f4 Qe1+ 35. Kh2 Nf5 36. Qf7+ Kb6 37. Qg8 Qd2 0-1

[Event "45th IT Bosna 2015"]
[Site "Sarajevo"]
[Date "2015.06.01"]
[Round "4.40"]
[White "Dedebas, Emre Emin"]
[Black "Mahmutbegovic, Muharem"]
[Result "1-0"]
[WhiteElo "2036"]
[BlackElo "1856"]
[PlyCount "46"]
[EventDate "2015.05.30"]

1. d4 d5 2. Nf3 Bf5 3. c4 e6 4. Nc3 Nc6 5. cxd5 exd5 6. a3 Nf6 7. Bg5 Be7 8. e3
Ne4 9. Bxe7 Nxe7 10. Bd3 O-O 11. Qe2 Nxc3 12. bxc3 Bxd3 13. Qxd3 Re8 14. O-O
Ng6 15. c4 Qd6 16. Rfb1 b6 17. Rc1 c6 18. Rc3 Re4 19. cxd5 Qxd5 20. Qc4 Qxc4
21. Rxc4 Ne7 22. Ng5 Rg4 23. f4 Nd5 1-0

[Event "45th IT Bosna 2015"]
[Site "Sarajevo"]
[Date "2015.06.01"]
[Round "4.41"]
[White "Pestek, Elvis"]
[Black "Arda, Cagil Irmak"]
[Result "1-0"]
[WhiteElo "2035"]
[BlackElo "1822"]
[PlyCount "103"]
[EventDate "2015.05.30"]

1. e4 d6 2. d4 Nf6 3. Nc3 g6 4. Nf3 Bg7 5. h3 c6 6. Be3 Qa5 7. Bd3 Nbd7 8. Qd2
b5 9. O-O a6 10. Rfe1 Qc7 11. e5 dxe5 12. dxe5 Nd5 13. Nxd5 cxd5 14. Bf4 e6 15.
Bh6 O-O 16. c3 f6 17. exf6 Nxf6 18. Bxg7 Qxg7 19. Ne5 Nd7 20. Qg5 Nxe5 21. Rxe5
Qf6 22. Qxf6 Rxf6 23. g3 Ra7 24. Rae1 Raf7 25. f4 h6 26. h4 Rc7 27. Kf2 Rc6 28.
Kf3 Rb6 29. a3 a5 30. g4 Kg7 31. g5 hxg5 32. hxg5 Rf8 33. Rh1 Bd7 34. Rh6 Be8
35. Re1 Rh8 36. Rxh8 Kxh8 37. Ke3 Kg7 38. Kd4 Kf7 39. Rh1 Kg7 40. Ke5 b4 41.
axb4 axb4 42. c4 dxc4 43. Bxc4 Bf7 44. Rd1 Kf8 45. Rd6 Rb8 46. Kf6 Rc8 47. b3
Rc5 48. Rd8+ Be8 49. Bxe6 Rc6 50. Rb8 Rd6 51. f5 gxf5 52. g6 1-0

[Event "45th IT Bosna 2015"]
[Site "Sarajevo"]
[Date "2015.06.01"]
[Round "4.42"]
[White "Gavranovic, Tahir"]
[Black "Aleksic, Neven"]
[Result "0-1"]
[WhiteElo "1889"]
[BlackElo "2034"]
[PlyCount "73"]
[EventDate "2015.05.30"]

1. e4 e5 2. c3 d5 3. Nf3 Nf6 4. Nxe5 Bd6 5. d4 dxe4 6. Qa4+ Nbd7 7. Nd2 a6 8.
Be2 O-O 9. O-O b5 10. Qc2 Bb7 11. f4 c5 12. Kh1 Rc8 13. Qd1 cxd4 14. cxd4 Nb6
15. Ng4 Nxg4 16. Bxg4 f5 17. Be2 Nd5 18. Qb3 Kh8 19. Nb1 Rxc1 20. Rxc1 Nxf4 21.
Bf1 Bd5 22. Qe3 Nd3 23. Bxd3 f4 24. Qh3 exd3 25. Nd2 f3 26. Nxf3 Qa8 27. Rf1
Rf6 28. Rac1 Be6 29. Qh5 Qf8 30. Nd2 Bf4 31. Ne4 Rf5 32. Ng5 Bxg5 33. Rxf5 Qxf5
34. Rd1 g6 35. Qf3 Qxf3 36. gxf3 d2 37. b3 0-1

[Event "45th IT Bosna 2015"]
[Site "Sarajevo"]
[Date "2015.06.01"]
[Round "4.43"]
[White "Bucevac, Ljubisa"]
[Black "Okuyaz, Duru"]
[Result "1-0"]
[WhiteElo "2031"]
[BlackElo "1835"]
[PlyCount "95"]
[EventDate "2015.05.30"]

1. Nf3 d5 2. g3 Bg4 3. Bg2 Nd7 4. d4 c6 5. O-O Ngf6 6. b3 e6 7. Bb2 Bd6 8. c4
O-O 9. Nc3 Qe7 10. Qc1 Ne4 11. Nxe4 dxe4 12. Ng5 Bxe2 13. Re1 Bf3 14. Nxf3 exf3
15. Bxf3 Qf6 16. Kg2 e5 17. d5 c5 18. Bg4 Rad8 19. h4 Qe7 20. Bxd7 Rxd7 21. f4
e4 22. f5 f6 23. Re3 Re8 24. Qc2 Qd8 25. Rae1 Qc7 26. g4 Bh2 27. Kh3 Bd6 28.
Rxe4 Rde7 29. Rxe7 Rxe7 30. Re6 Kf8 31. Qe2 Qa5 32. Bc1 Qc3+ 33. Qe3 Qc2 34.
Qd2 Qxd2 35. Bxd2 Rxe6 36. dxe6 Ke7 37. Kg2 Be5 38. Kf3 h6 39. Ke4 Bg3 40. Kd5
Bxh4 41. Bf4 g6 42. Kxc5 gxf5 43. gxf5 Bf2+ 44. Kd5 h5 45. Bd6+ Ke8 46. Ke4 Be1
47. b4 h4 48. b5 1-0

[Event "45th IT Bosna 2015"]
[Site "Sarajevo"]
[Date "2015.06.01"]
[Round "4.44"]
[White "Smaka, Faruk"]
[Black "Miladinovic, Zlatko"]
[Result "1/2-1/2"]
[WhiteElo "1827"]
[BlackElo "2029"]
[PlyCount "104"]
[EventDate "2015.05.30"]

1. e4 c6 2. d4 d5 3. exd5 Qxd5 4. c4 Qd8 5. Nc3 Nf6 6. a3 g6 7. Nf3 Bg7 8. Be2
O-O 9. O-O Bf5 10. Nh4 Qc8 11. Re1 Re8 12. Bg5 h6 13. Be3 Na6 14. h3 Nc7 15.
Nxf5 Qxf5 16. Bd3 Qc8 17. Qd2 Kh7 18. Ne4 b6 19. Rac1 Qd7 20. Rcd1 Rad8 21. Bb1
Qc8 22. Qc3 c5 23. Qc2 Nxe4 24. Qxe4 f5 25. Qh4 cxd4 26. Bxd4 e5 27. Bc3 Ne6
28. Rxd8 Qxd8 29. Qxd8 Nxd8 30. Rd1 Nc6 31. Rd7 Re7 32. Rxe7 Nxe7 33. b4 e4 34.
Bxg7 Kxg7 35. Kf1 Kf6 36. Ke2 Ke5 37. f3 Kd4 38. g4 fxg4 39. fxg4 g5 40. c5
bxc5 41. bxc5 Nc6 42. Bc2 Ne7 43. Bb1 a5 44. Bc2 Nd5 45. c6 Nf4+ 46. Ke1 Nd5
47. Ke2 Nc3+ 48. Ke1 Nd5 49. Ke2 Nc7 50. a4 Nd5 51. Bb3 Nc7 52. Bf7 Na6 1/2-1/2

[Event "45th IT Bosna 2015"]
[Site "Sarajevo"]
[Date "2015.06.01"]
[Round "4.45"]
[White "Marinc, Damir"]
[Black "Fejzic, Edo"]
[Result "1-0"]
[WhiteElo "2021"]
[BlackElo "1690"]
[PlyCount "99"]
[EventDate "2015.05.30"]

1. d4 Nf6 2. c4 g6 3. Nc3 Bg7 4. e4 d6 5. f3 O-O 6. Be3 Nbd7 7. Qd2 e5 8. d5
Nb6 9. Bd3 Bd7 10. Nge2 Qe7 11. b4 c6 12. c5 Nc8 13. Bc4 Rd8 14. Rd1 b6 15.
dxc6 Bxc6 16. b5 Be8 17. c6 Qc7 18. Bg5 Ne7 19. O-O a6 20. a4 axb5 21. axb5 Ra5
22. Rb1 Kf8 23. Rfd1 Kg8 24. Nd5 Nfxd5 25. Bxd5 Rda8 26. Nc3 Kf8 27. Bxe7+ Qxe7
28. c7 Rc8 29. Bb7 Rxc7 30. Nd5 Qd8 31. Nxc7 Qxc7 32. Qxd6+ Qxd6 33. Rxd6 Rxb5
34. Rxb5 Bxb5 35. Rxb6 Bd7 36. Bd5 Be8 37. Rb7 f5 38. g3 h6 39. Kf2 fxe4 40.
fxe4 g5 41. h3 Bg6 42. Ke3 Bf6 43. Kd3 Be7 44. Be6 Bf7 45. Bxf7 Kxf7 46. g4 Ke6
47. Rb6+ Bd6 48. Kc4 Kd7 49. Kd5 Bf8 50. Kxe5 1-0

[Event "45th IT Bosna 2015"]
[Site "Sarajevo"]
[Date "2015.06.01"]
[Round "4.46"]
[White "Budisavljevic, Luka"]
[Black "Sitnic, Adnan"]
[Result "0-1"]
[WhiteElo "1835"]
[BlackElo "2014"]
[PlyCount "76"]
[EventDate "2015.05.30"]

1. d4 d6 2. Nf3 Bg4 3. c4 Nd7 4. Nc3 e5 5. e3 c6 6. Be2 f5 7. h3 Bxf3 8. Bxf3
e4 9. Be2 Ngf6 10. f3 d5 11. cxd5 cxd5 12. fxe4 fxe4 13. O-O Bd6 14. Bd2 O-O
15. Nb5 Bb8 16. Bb4 a6 17. Bxf8 axb5 18. Bb4 Qc7 19. Bf3 Qh2+ 20. Kf2 Bg3+ 21.
Ke2 exf3+ 22. Kxf3 Ne4 23. Rg1 Bf2 24. Qb3 Rf8+ 25. Bxf8 Nd2+ 26. Kxf2 Nxb3 27.
axb3 Kxf8 28. Rh1 Qd6 29. Rhc1 Nf6 30. Ra7 Qb8 31. Ra5 Qh2 32. Rc8+ Kf7 33. Rc2
Ne4+ 34. Ke1 Qg1+ 35. Ke2 Qxg2+ 36. Kd3 Qf1+ 37. Re2 Qd1+ 38. Rd2 Qxd2# 0-1

[Event "45th IT Bosna 2015"]
[Site "Sarajevo"]
[Date "2015.06.01"]
[Round "4.47"]
[White "Pleh, Semir"]
[Black "Delic, Jasmin"]
[Result "0-1"]
[WhiteElo "1688"]
[BlackElo "1987"]
[PlyCount "120"]
[EventDate "2015.05.30"]

1. d4 Nf6 2. c4 g6 3. Nc3 Bg7 4. e4 d6 5. Nf3 O-O 6. Bd3 Bg4 7. O-O Nc6 8. Be3
Nd7 9. Be2 e5 10. d5 Bxf3 11. dxc6 Bxe2 12. Nxe2 bxc6 13. Qa4 c5 14. Rad1 a5
15. h3 Nb6 16. Qc2 Qe8 17. b3 Qc6 18. Nc3 a4 19. f3 Rfb8 20. Nb5 Ra6 21. Qd3
Rba8 22. Kh2 axb3 23. axb3 Ra2 24. Rf2 Rxf2 25. Bxf2 Bh6 26. Rb1 Nd7 27. Bh4
Nf8 28. Nc3 Ne6 29. Nd5 Bf8 30. Qe3 h6 31. Be7 Bg7 32. Bf6 Bxf6 33. Nxf6+ Kg7
34. Ng4 g5 35. h4 Nf4 36. Rb2 Qa6 37. Qd2 Qa5 38. hxg5 hxg5 39. Qxa5 Rxa5 40.
Ne3 Ne6 41. Nd5 Ra8 42. Kg3 Rb8 43. Kg4 f6 44. b4 c6 45. Ne3 cxb4 46. Nf5+ Kf8
47. Nxd6 Ke7 48. Nf5+ Kd7 49. Ne3 Nd4 50. g3 Kd6 51. f4 gxf4 52. gxf4 Kc5 53.
fxe5 fxe5 54. Kg5 Rf8 55. Nf5 Kxc4 56. Nd6+ Kc3 57. Rb1 b3 58. Rc1+ Nc2 59. Rb1
b2 60. Nf5 Na3 0-1

[Event "45th IT Bosna 2015"]
[Site "Sarajevo"]
[Date "2015.06.01"]
[Round "4.51"]
[White "Celik, Eda"]
[Black "Oputic, Mirsad"]
[Result "1/2-1/2"]
[WhiteElo "1615"]
[BlackElo "1930"]
[PlyCount "160"]
[EventDate "2015.05.30"]

1. e4 e5 2. Nf3 d6 3. d4 f6 4. Bc4 a6 5. a4 Bg4 6. O-O Nc6 7. dxe5 Nxe5 8. Be2
Be6 9. Nd4 Bf7 10. f4 Nd7 11. Nc3 g6 12. Bg4 Ne7 13. Ne6 Bxe6 14. Bxe6 Nc5 15.
Bc4 Qd7 16. Be3 O-O-O 17. Bxc5 dxc5 18. Qxd7+ Rxd7 19. Be6 Kd8 20. Bxd7 Kxd7
21. Rfd1+ Ke6 22. Nd5 c6 23. Ne3 Bg7 24. a5 Re8 25. Nc4 Nc8 26. Kf2 Na7 27. Kf3
Nb5 28. c3 Bf8 29. Rd2 Nd6 30. Nxd6 Bxd6 31. g4 Bc7 32. Rad1 Bxa5 33. Rd7 Re7
34. R1d6+ Kf7 35. f5 Bc7 36. Rd2 g5 37. h3 a5 38. Rd1 a4 39. R7d3 b5 40. Rd7
Be5 41. R7d2 Bf4 42. Rd8 b4 43. cxb4 cxb4 44. Ra8 Be5 45. Rxa4 c5 46. b3 Bd4
47. Ra8 Rc7 48. Rd8 Ke7 49. Rh8 Kd6 50. Rd8+ Kc6 51. R1xd4 cxd4 52. Rxd4 Kb5
53. Rd5+ Kc6 54. Ke3 Ra7 55. Kd4 Ra1 56. Kc4 Re1 57. Rd4 Re3 58. Kxb4 Rxh3 59.
Rc4+ Kb6 60. Rc3 Rh1 61. Rd3 Re1 62. Rd4 Rg1 63. Rd6+ Kc7 64. Rxf6 Rxg4 65. Re6
h5 66. f6 Rf4 67. Re5 Rxf6 68. Rxg5 Rf4 69. Rxh5 Rxe4+ 70. Kc5 Re7 71. Rh1 Kb7
72. Rb1 Rc7+ 73. Kb5 Rc2 74. b4 Rg2 75. Ka5 Ra2+ 76. Kb5 Rh2 77. Re1 Rh5+ 78.
Ka4 Rh2 79. b5 Ra2+ 80. Kb4 Rb2+ 1/2-1/2

[Event "45th IT Bosna 2015"]
[Site "Sarajevo"]
[Date "2015.06.01"]
[Round "4.52"]
[White "Maksimovic, Masa"]
[Black "Luetic, Ante"]
[Result "1-0"]
[WhiteElo "1702"]
[BlackElo "2035"]
[PlyCount "71"]
[EventDate "2015.05.30"]

1. Nf3 Nf6 2. g3 g6 3. Bg2 Bg7 4. O-O O-O 5. c4 c5 6. Nc3 Nc6 7. e3 d5 8. cxd5
Nb4 9. e4 Nd3 10. Qc2 Nxc1 11. Raxc1 Rb8 12. d3 b6 13. h3 Bb7 14. Ne2 Rc8 15.
d4 cxd4 16. Qd3 Nd7 17. Nexd4 Nc5 18. Qe3 a5 19. Rfd1 Qd7 20. b3 Rfd8 21. Nd2
Be5 22. Nc4 Bc7 23. a4 Ba6 24. Nc6 Re8 25. N6xa5 f5 26. e5 bxa5 27. Qxc5 Bxc4
28. bxc4 Bxe5 29. Qxa5 Ra8 30. Qb5 Qa7 31. d6 exd6 32. Bxa8 Rxa8 33. Qd5+ Kg7
34. c5 Re8 35. cxd6 Bxg3 36. Rc7+ 1-0

[Event "45th IT Bosna 2015"]
[Site "Sarajevo"]
[Date "2015.06.01"]
[Round "4.53"]
[White "Agic, Ahmed"]
[Black "Krug, Franz-Dieter"]
[Result "1/2-1/2"]
[WhiteElo "1843"]
[BlackElo "1639"]
[PlyCount "38"]
[EventDate "2015.05.30"]

1. d4 d5 2. Nf3 Nf6 3. c4 e6 4. Bg5 Be7 5. e3 h6 6. Bh4 O-O 7. Nc3 c6 8. a3 Bd7
9. Bd3 Nh7 10. Bg3 Ng5 11. c5 Nxf3+ 12. Qxf3 f5 13. h4 Be8 14. h5 Nd7 15. Qe2
Nf6 16. Be5 Ng4 17. Bg3 Bf7 18. f3 Nf6 19. Bh4 Nxh5 1/2-1/2

[Event "45th IT Bosna 2015"]
[Site "Sarajevo"]
[Date "2015.06.01"]
[Round "4.54"]
[White "Can, Isil"]
[Black "Becirbasic, Atif"]
[Result "0-1"]
[WhiteElo "1692"]
[BlackElo "1843"]
[PlyCount "114"]
[EventDate "2015.05.30"]

1. e4 e6 2. d4 d5 3. exd5 exd5 4. Bd3 Bd6 5. Nf3 Ne7 6. O-O O-O 7. Bg5 f6 8.
Bh4 Bf5 9. Bg3 Nbc6 10. Bxd6 Qxd6 11. Re1 Qb4 12. b3 Rfe8 13. c3 Qd6 14. Qc2
Bxd3 15. Qxd3 Ng6 16. Nbd2 Qd7 17. Nf1 Nf4 18. Qd2 Ng6 19. Re3 Nd8 20. Rxe8+
Qxe8 21. Re1 Qd7 22. Qe3 Nf7 23. Qe6 Qxe6 24. Rxe6 Nd6 25. Re1 Kf7 26. Ne3 c6
27. c4 Ne7 28. cxd5 cxd5 29. Rc1 Rc8 30. Rxc8 Ndxc8 31. Kf1 Nd6 32. Ke2 Ne4 33.
Nd1 Nc6 34. a3 b5 35. Kd3 Na5 36. Kc2 a6 37. Nc3 Ke6 38. Ng1 Nxf2 39. Nge2 g5
40. h3 Ne4 41. Nxe4 dxe4 42. Kc3 Nc6 43. Ng3 Kd5 44. Nf5 a5 45. Ne3+ Kd6 46. d5
Ne7 47. Kd4 f5 48. g3 h6 49. a4 f4 50. gxf4 gxf4 51. Ng4 bxa4 52. bxa4 e3 53.
Nh2 Nf5+ 54. Ke4 e2 55. Nf3 Nh4 56. Ne1 f3 57. Nd3 f2 0-1

[Event "45th IT Bosna 2015"]
[Site "Sarajevo"]
[Date "2015.06.01"]
[Round "4.55"]
[White "Strinic, Hamdija"]
[Black "Johnen, Franz"]
[Result "0-1"]
[WhiteElo "1690"]
[BlackElo "1717"]
[PlyCount "130"]
[EventDate "2015.05.30"]

1. d4 d5 2. c4 c6 3. Nc3 Nf6 4. Nf3 e6 5. Bg5 Be7 6. e3 O-O 7. Qc2 h6 8. Bf4
Nbd7 9. Rd1 b6 10. Bd3 Bb7 11. e4 dxe4 12. Nxe4 Nxe4 13. Bxe4 Nf6 14. Bd3 Bd6
15. Be5 Qe7 16. O-O Nd7 17. Qe2 Bxe5 18. dxe5 Rfd8 19. Qe4 Nf8 20. Qg4 c5 21.
Qg3 Rd7 22. Bc2 Rad8 23. h3 Ng6 24. Rxd7 Rxd7 25. Bxg6 Bxf3 26. gxf3 fxg6 27.
Qxg6 Rd2 28. f4 Qf7 29. Qxf7+ Kxf7 30. Kg2 Rxb2 31. Rd1 Ke7 32. Kf3 Rxa2 33.
Rg1 Ra3+ 34. Ke4 Kf7 35. Rd1 Ke8 36. f5 exf5+ 37. Kxf5 Ke7 38. f4 Rxh3 39. Rd6
Rf3 40. Re6+ Kf7 41. Rc6 g6+ 42. Ke4 Ra3 43. Rc7+ Ke8 44. Kd5 Kd8 45. Rg7 Rd3+
46. Ke6 Rd4 47. Rg8+ Kc7 48. Rg7+ Kc6 49. Rxg6 Rxf4 50. Ke7+ Kc7 51. Rxh6 a5
52. Rd6 Rxc4 53. Rd7+ Kc6 54. e6 Re4 55. Rd6+ Kb5 56. Rd1 a4 57. Kd7 a3 58. e7
Ka4 59. e8=Q Rxe8 60. Kxe8 a2 61. Kd7 b5 62. Kc6 c4 63. Kc5 c3 64. Ra1 Kb3 65.
Kxb5 c2 0-1

[Event "45th IT Bosna 2015"]
[Site "Sarajevo"]
[Date "2015.06.01"]
[Round "4.56"]
[White "Karup, Edin"]
[Black "Hamzic, Adil"]
[Result "1-0"]
[WhiteElo "2156"]
[BlackElo "1823"]
[PlyCount "51"]
[EventDate "2015.05.30"]

1. e4 c5 2. Nf3 d6 3. d4 cxd4 4. Nxd4 Nf6 5. Nc3 a6 6. Bg5 e6 7. f4 Qa5 8. Bd3
h6 9. Nb3 Qc7 10. Bh4 b5 11. a3 Bb7 12. Qe2 Nbd7 13. O-O-O Nc5 14. Nd4 Rc8 15.
e5 dxe5 16. fxe5 Nfd7 17. Bg3 Na4 18. Nxe6 Qc6 19. Nxa4 Qxe6 20. Rhf1 Rc7 21.
Bf5 Qc4 22. Qxc4 bxc4 23. e6 Nc5 24. exf7+ Kxf7 25. Bh7+ Ke7 26. Bd6+ 1-0

[Event "45th IT Bosna 2015"]
[Site "Sarajevo"]
[Date "2015.06.01"]
[Round "4.57"]
[White "Lakota, Izet"]
[Black "Colpa, Fahrudin"]
[Result "0-1"]
[WhiteElo "1790"]
[BlackElo "1978"]
[PlyCount "52"]
[EventDate "2015.05.30"]

1. e4 Nc6 2. Bb5 Nd4 3. Bc4 b5 4. Bf1 a6 5. c3 Ne6 6. a4 Bb7 7. axb5 axb5 8.
Rxa8 Qxa8 9. Bd3 Nc5 10. Bxb5 Bxe4 11. d4 Ne6 12. f3 Bxb1 13. Ne2 c6 14. Bc4 d5
15. Bb3 Qa6 16. O-O Bd3 17. Re1 Bxe2 18. Rxe2 Nf6 19. Re5 g6 20. f4 Ng7 21. g4
e6 22. f5 gxf5 23. Bg5 Ne4 24. Bh6 Rg8 25. Qe1 Qb7 26. Ba4 Bd6 0-1

[Event "45th IT Bosna 2015"]
[Site "Sarajevo"]
[Date "2015.06.01"]
[Round "4.58"]
[White "Rozic, Slaven"]
[Black "Demic, Aleksandar"]
[Result "1-0"]
[WhiteElo "1891"]
[BlackElo "1673"]
[PlyCount "79"]
[EventDate "2015.05.30"]

1. d4 Nf6 2. c4 e6 3. Nc3 Bb4 4. e3 Bxc3+ 5. bxc3 Ne4 6. Qc2 f5 7. Nf3 b6 8.
Bd3 Bb7 9. O-O O-O 10. Nd2 Nxd2 11. Bxd2 Na6 12. f3 Qe7 13. a4 c5 14. Rfb1 cxd4
15. cxd4 Rac8 16. Qb2 Ba8 17. c5 Nc7 18. cxb6 axb6 19. Qxb6 Nd5 20. Qb2 Qg5 21.
Re1 Rf6 22. e4 Nf4 23. Bxf4 Qxf4 24. Rac1 Rb8 25. Qf2 Rh6 26. g3 Qd6 27. Qe3
Rh3 28. Kg2 Rh6 29. exf5 exf5 30. Bc4+ Kf8 31. Qe5 Rb2+ 32. Re2 Rxe2+ 33. Bxe2
Qxe5 34. dxe5 Rc6 35. Rxc6 Bxc6 36. Bb5 Bxb5 37. axb5 Ke7 38. Kf2 d5 39. b6 Kd7
40. e6+ 1-0

[Event "45th IT Bosna 2015"]
[Site "Sarajevo"]
[Date "2015.06.01"]
[Round "4.59"]
[White "Janjic, Nikola"]
[Black "Arda, Dogasu"]
[Result "1-0"]
[WhiteElo "1831"]
[BlackElo "1529"]
[PlyCount "123"]
[EventDate "2015.05.30"]

1. c4 e6 2. Nc3 d5 3. cxd5 exd5 4. d4 c6 5. g3 Be7 6. Bg2 Nf6 7. Nf3 O-O 8. O-O
Bf5 9. b3 Qc8 10. Bb2 Bh3 11. Rc1 Bxg2 12. Kxg2 Nbd7 13. Ne5 Bd6 14. f4 Re8 15.
Qd3 Nf8 16. Rfe1 N6d7 17. Nxd5 f6 18. Nf3 Qd8 19. Nc3 Kh8 20. e4 Qa5 21. a3
Rad8 22. b4 Qh5 23. Qe2 Ne6 24. e5 Bb8 25. Rcd1 Qg6 26. Kh1 Nb6 27. Qe4 Qf7 28.
f5 Ng5 29. Nxg5 fxg5 30. e6 Qh5 31. Kg2 Nd5 32. Nxd5 Rxd5 33. h3 Qh6 34. Bc1
Qf6 35. Rf1 h5 36. g4 h4 37. Be3 Qe7 38. f6 gxf6 39. Qg6 Qxe6 40. Rxf6 Qe4+ 41.
Qxe4 Rxe4 42. Kf3 Re8 43. Rf5 Rxf5+ 44. gxf5 Rg8 45. Kg4 Bd6 46. f6 Bf8 47. d5
cxd5 48. Rxd5 a6 49. Rxg5 Rxg5+ 50. Bxg5 a5 51. bxa5 Bxa3 52. Kf5 Kg8 53. Ke6
Bf8 54. Bxh4 Kh7 55. f7 Kg6 56. Be7 Bg7 57. f8=Q Bxf8 58. Bxf8 Kh5 59. Be7 Kh6
60. Kd7 Kg7 61. Kc7 Kf7 62. Kxb7 1-0

[Event "45th IT Bosna 2015"]
[Site "Sarajevo"]
[Date "2015.06.02"]
[Round "5.4"]
[White "Popovic, Dusan"]
[Black "Antipov, Mikhail Al"]
[Result "1/2-1/2"]
[WhiteElo "2492"]
[BlackElo "2523"]
[PlyCount "29"]
[EventDate "2015.05.30"]

1. e4 c5 2. Nf3 d6 3. Bb5+ Nc6 4. O-O Bd7 5. Re1 Nf6 6. c3 a6 7. Bf1 Bg4 8. h3
Bxf3 9. Qxf3 g6 10. d3 Bg7 11. Be3 O-O 12. Nd2 b5 13. d4 cxd4 14. cxd4 e5 15.
dxe5 1/2-1/2

[Event "45th IT Bosna 2015"]
[Site "Sarajevo"]
[Date "2015.06.02"]
[Round "5.5"]
[White "Heberla, Bartlomiej"]
[Black "Djoric, Dusan"]
[Result "0-1"]
[WhiteElo "2556"]
[BlackElo "2268"]
[PlyCount "130"]
[EventDate "2015.05.30"]

1. e4 c5 2. c3 d5 3. exd5 Qxd5 4. d4 e5 5. dxe5 Qxd1+ 6. Kxd1 Nc6 7. Bf4 Nge7
8. Nf3 Ng6 9. Bg3 Bg4 10. Nbd2 Ngxe5 11. Bxe5 Nxe5 12. Bb5+ Kd8 13. Be2 Nxf3
14. Bxf3 Be6 15. Kc2 Kc7 16. Rhe1 Rd8 17. g3 Rd7 18. Bg2 Be7 19. Rxe6 fxe6 20.
Bh3 Re8 21. Ne4 Rd5 22. Bf1 g5 23. Re1 Rf8 24. Bd3 g4 25. Re2 Re5 26. Kd1 a6
27. a4 Kc6 28. Ke1 b5 29. b3 Kb6 30. Bc2 Rd8 31. Kf1 h5 32. Kg2 h4 33. h3 gxh3+
34. Kxh3 hxg3 35. fxg3 Rh8+ 36. Kg4 Rh1 37. Kf4 Bd6 38. Kf3 Rf1+ 39. Kg4 Be7
40. axb5 axb5 41. Rh2 Rc1 42. Kf4 Rf5+ 43. Kg4 Kc7 44. Bd3 Re1 45. Rh7 Kd8 46.
Rh2 Re3 47. Bc2 b4 48. cxb4 cxb4 49. Nd2 Rg5+ 50. Kf4 Rexg3 51. Nf3 R5g4+ 52.
Ke3 Bc5+ 53. Ke2 Rg2+ 54. Rxg2 Rxg2+ 55. Kd3 Bd6 56. Bd1 Ke7 57. Nd2 Kf6 58.
Bf3 Rh2 59. Bb7 Rh3+ 60. Kd4 Ke7 61. Nf3 Rh5 62. Be4 Rc5 63. Nd2 Rc3 64. Bd3
Bf4 65. Ne4 e5+ 0-1

[Event "45th IT Bosna 2015"]
[Site "Sarajevo"]
[Date "2015.06.02"]
[Round "5.6"]
[White "Predojevic, Borki"]
[Black "Vajic, Goran"]
[Result "1-0"]
[WhiteElo "2623"]
[BlackElo "2379"]
[PlyCount "61"]
[EventDate "2015.05.30"]

1. Nf3 Nf6 2. c4 g6 3. g3 Bg7 4. d4 O-O 5. Bg2 d6 6. O-O c5 7. dxc5 dxc5 8. Ne5
Qb6 9. Nc3 Rd8 10. Qb3 Ne8 11. Nd3 Bxc3 12. Qxc3 Nc6 13. Nf4 Nf6 14. b3 Bf5 15.
Bb2 Qb4 16. Bxc6 bxc6 17. Qe5 Qd2 18. Rad1 Qxd1 19. Rxd1 Rxd1+ 20. Kg2 Kf8 21.
f3 Bb1 22. g4 h6 23. h4 g5 24. hxg5 hxg5 25. Qxg5 Rad8 26. Bxf6 exf6 27. Qxf6
R8d2 28. Qxc6 Rxa2 29. Qc8+ Kg7 30. Nh5+ Kh7 31. Qf8 1-0

[Event "45th IT Bosna 2015"]
[Site "Sarajevo"]
[Date "2015.06.02"]
[Round "5.7"]
[White "Nikolic, Predrag"]
[Black "Arapovic, Vitomir"]
[Result "1/2-1/2"]
[WhiteElo "2618"]
[BlackElo "2347"]
[PlyCount "90"]
[EventDate "2015.05.30"]

1. d4 c5 2. d5 e5 3. c4 d6 4. Nc3 Be7 5. g3 f5 6. Bg2 Nf6 7. Nf3 Na6 8. O-O O-O
9. Ne1 Nc7 10. a4 Kh8 11. Nd3 e4 12. Nf4 Ng4 13. f3 exf3 14. exf3 Ne5 15. b3
Bf6 16. Qc2 Ng6 17. Nxg6+ hxg6 18. Bb2 a6 19. a5 Rb8 20. f4 Bd4+ 21. Kh1 Ne8
22. Nd1 Bxb2 23. Nxb2 Nf6 24. Nd3 Bd7 25. Nf2 Re8 26. Nh3 Qe7 27. Ng5 Kg8 28.
Bf3 b5 29. axb6 Rxb6 30. Rf2 Qe3 31. Rb1 Qe7 32. Re2 Qd8 33. Ne6 Qb8 34. Re3 a5
35. Rbe1 a4 36. bxa4 Rb2 37. Qc3 Qb4 38. a5 Qxc3 39. Rxc3 Ra2 40. Rb3 Rxa5 41.
Rb6 Ra4 42. Rxd6 Rxc4 43. Ra6 Rc2 44. Kg1 c4 45. Raa1 c3 1/2-1/2

[Event "45th IT Bosna 2015"]
[Site "Sarajevo"]
[Date "2015.06.02"]
[Round "5.8"]
[White "Dizdarevic, Emir"]
[Black "Rasidovic, Sead"]
[Result "1-0"]
[WhiteElo "2546"]
[BlackElo "2341"]
[PlyCount "61"]
[EventDate "2015.05.30"]

1. Nf3 f5 2. g3 Nf6 3. Bg2 e6 4. O-O Be7 5. b3 d6 6. d4 O-O 7. Bb2 Qe8 8. Ne1
Nc6 9. Nd3 Bd7 10. c4 Nd8 11. Nc3 Qg6 12. Ba3 Re8 13. Qd2 h6 14. Rae1 Qh5 15.
f3 c6 16. e4 fxe4 17. Nxe4 Nxe4 18. Rxe4 g5 19. Re2 Nf7 20. f4 Bf8 21. c5 Bg7
22. cxd6 Bxd4+ 23. Kh1 Rf8 24. Re4 Bb6 25. Qc3 Rae8 26. Bb2 Qg6 27. Ree1 e5 28.
Nxe5 Nxe5 29. Rxe5 Rxe5 30. Qxe5 Kh7 31. Be4 1-0

[Event "45th IT Bosna 2015"]
[Site "Sarajevo"]
[Date "2015.06.02"]
[Round "5.9"]
[White "Jovanovic, Zoran"]
[Black "Marjanovic, Dejan"]
[Result "1-0"]
[WhiteElo "2518"]
[BlackElo "2340"]
[PlyCount "101"]
[EventDate "2015.05.30"]

1. e4 e6 2. d4 d5 3. Nc3 Nf6 4. Bg5 Be7 5. e5 Nfd7 6. Bxe7 Qxe7 7. f4 a6 8. Nf3
c5 9. dxc5 Nc6 10. Bd3 Nxc5 11. O-O Bd7 12. Qd2 O-O 13. Rae1 f5 14. exf6 Qxf6
15. Ne5 Be8 16. a3 Nxe5 17. Rxe5 Bf7 18. Qf2 Nd7 19. Ree1 Rfe8 20. Qg3 Re7 21.
Rf2 Rae8 22. h3 Qd4 23. Kh2 Nf6 24. Rff1 e5 25. fxe5 Rxe5 26. Rxe5 Qxe5 27.
Qxe5 Rxe5 28. Rf4 Re7 29. Rb4 Rc7 30. Kg3 Kf8 31. Kf4 Ke7 32. Ne2 h6 33. Nd4
Nd7 34. Nf5+ Kf6 35. Nd6 b6 36. Ke3 Ke6 37. Nf5 Kf6 38. Rf4 d4+ 39. Nxd4+ Ke7
40. Nf5+ Kf8 41. Nd6 Nf6 42. Kd2 Bd5 43. g4 a5 44. Nf5 Rf7 45. Ne3 Bc6 46. Rc4
Bb7 47. Rd4 Ne8 48. Rd8 Rf6 49. Rb8 Bh1 50. Nf5 g6 51. Nxh6 1-0